| 000 | 01200nam a22003017a 4500 | ||
|---|---|---|---|
| 999 |
_c21605 _d21605 |
||
| 003 | AR-CdUCM | ||
| 008 | 190312b ||||| |||| 00| 0 spa d | ||
| 020 | _a9786124041761 | ||
| 040 |
_aMUNICIPALIDAD PROVINCIAL DEL CUSCO _cBIBLIOTECA MUNICIPAL DEL CUSCO |
||
| 082 |
_a370.15/G39 _bG39 |
||
| 100 |
_aGheiler M., Marcos _945502 |
||
| 245 |
_aLa educación desde el psicoanálisis : _bla función analítica del educador / _cMarcos Gheiler ; Odette Vélez, compiladora |
||
| 260 |
_aLima : _bUniversidad Peruana de Ciencias Aplicadas, _c2012. |
||
| 300 |
_a189, [1] páginas. : _c22 cm. |
||
| 500 |
_zIncluye referencias bibliográficas _aAntes del título: "Una selección de textos de Marcos Gheiler" |
||
| 650 |
_aPsicoanálisis y educación _945503 |
||
| 650 |
_aRelaciones profesor-estudiante _945504 |
||
| 650 |
_aProfesores _945505 |
||
| 650 |
_aActitudes _939465 |
||
| 650 |
_aPedagogía _91560 |
||
| 650 |
_aAspectos psicológicos _913483 |
||
| 650 |
_aAmbiente escolar _945506 |
||
| 650 |
_aDesarrollo humano _93459 |
||
| 700 |
_aVélez Valcárcel, Odette (compiladora) _945507 |
||
| 710 |
_aUniversidad Peruana de Ciencias Aplicadas _945331 |
||
| 942 |
_2ddc _cLIBROS |
||
| 945 | _aRoel | ||